000
00333nam a2200133Ia 4500
008
240624s9999 xx 000 0 und d
041
_a
eng
082
_a
519.5 EDW
100
_a
EDWARDS WARD
245
_a
MULTIATTRIBUTE EVALUATION
260
_c
1982
_a
New Delhi
_b
Sage Publications
300
_a
96 : p. : cm. ; 21
365
_c
BPS
_b
30
999
_c
8543
_d
8543